000 01151nam a2200301 i 4500
001 000027184
003 DO-SdBNP
005 20250925101039.0
007 ta
008 110330s1983 dr ac 000 0 spa d
040 _aDO-SdBNP
_bspa
_cBNPHU
_erda
082 4 _a972.93054
_bD473m
_222
100 1 _aDespradel, Fidelio,
_eautor
_4aut.
_9324
245 1 0 _aManolo Tavárez en su justa dimensión histórica :
_b Las manaclas, diario de la guerrilla /
_cFidelio Despradel.
264 4 _aSanto Domingo :
_bEditora Alfa & Omega,
_c1983.
300 _a231 páginas :
_bilustraciones, retratos ;
_c21 cm.
336 _atexto
_btxt
_2rdacontent
337 _asin mediación
_bn
_2rdamedia
338 _avolumen
_bnc
_2rdacarrier
590 _aInventariado, 2023 / DG
600 1 4 _aTavárez, Manolo,
_d1931-1963.
_983134
650 4 _aMovimiento Revolucionario 14 de Junio (República Dominicana)
_983105
650 4 _aRevolucionarios
_zRepública Dominicana
_vBiografías
_973310
650 4 _aRepública Dominicana
_xHistoria*1961-1965
_983106
651 0 _aRepública Dominicana
_978065
910 _aDG/Validado. Control de calidad MFF
942 _2ddc
_cLBS1
999 _c26676
_d26676